TEXTBOOK FOR OPERATION ROOM TEEHRICIONS (Record no. 7957)
[ view plain ]
| 000 -LEADER | |
|---|---|
| fixed length control field | 00321nam a2200121Ia 4500 |
| 082 ## - DEWEY DECIMAL CLASSIFICATION NUMBER | |
| Classification number | 617 |
| Item number | O 14 B |
| 100 ## - MAIN ENTRY--PERSONAL NAME | |
| Personal name | BHALLA, PRAMILA. |
| 245 ## - TITLE STATEMENT | |
| Title | TEXTBOOK FOR OPERATION ROOM TEEHRICIONS |
| 260 ## - PUBLICATION, DISTRIBUTION, ETC. (IMPRINT) | |
| Name of publisher, distributor, etc | AHUJA PUBLISHING HOUSE DELHI |
| Year of Publication | 2014 |
| 300 ## - PAGE DESCRIPTION | |
| No. of Pages | 338 |
| 942 ## - ADDED ENTRY ELEMENTS (KOHA) | |
| Source of classification or shelving scheme | Dewey Decimal Classification |
| Koha item type | Books |
| 942 ## - ADDED ENTRY ELEMENTS (KOHA) | |
| -- | 1 |
| Withdrawn status | Lost status | Source of classification or shelving scheme | Damaged status | Not for loan | Collection code | Home library | Current library | Date acquired | Vendor Name | Cost, normal purchase price | SGTU | Bill Number | Total Checkouts | Full call number | Accession No. (Barcode) | Date last seen | Bill Date | Koha item type | Date last borrowed |
|---|---|---|---|---|---|---|---|---|---|---|---|---|---|---|---|---|---|---|---|
| Dewey Decimal Classification | AYURVEDA | SGT FA-FP Library | SGT FA-FP Library | 14/09/2015 | ABC DELHI | 325.00 | SGTU | 5567 | 617 O 14 B | FA2301 | 14/09/2015 | 31/03/2015 | Books | ||||||
| Dewey Decimal Classification | AYURVEDA | SGT FA-FP Library | SGT FA-FP Library | 14/09/2015 | ABC DELHI | 325.00 | SGTU | 5567 | 1 | 617 O 14 B | FA2302 | 24/04/2024 | 31/03/2015 | Books | 24/02/2024 | ||||
| Dewey Decimal Classification | AYURVEDA | SGT FA-FP Library | SGT FA-FP Library | 14/09/2015 | ABC DELHI | 325.00 | SGTU | 5567 | 1 | 617 O 14 B | FA2303 | 30/09/2019 | 31/03/2015 | Books | 13/09/2019 | ||||
| Dewey Decimal Classification | AYURVEDA | SGT FA-FP Library | SGT FA-FP Library | 14/09/2015 | ABC DELHI | 325.00 | SGTU | 5567 | 617 O 14 B | FA2304 | 14/09/2015 | 31/03/2015 | Books | ||||||
| Dewey Decimal Classification | AYURVEDA | SGT FA-FP Library | SGT FA-FP Library | 14/09/2015 | ABC DELHI | 325.00 | SGTU | 5567 | 617 O 14 B | FA2305 | 14/09/2015 | 31/03/2015 | Books |